¡Flor de un día! (Record no. 173859)
[ view plain ]
| 000 -LEADER | |
|---|---|
| campo de control de longitud fija | 00933namaa22002051 4500 |
| 001 - NÚMERO DE CONTROL | |
| campo de control | 173859 |
| 003 - IDENTIFICADOR DE NÚMERO DE CONTROL | |
| campo de control | ES-MaACL |
| 005 - FECHA Y HORA DE LA ÚLTIMA TRANSACCIÓN | |
| campo de control | 20230906215353.0 |
| 007 - CAMPO FIJO DE DESCRIPCIÓN FÍSICA--INFORMACIÓN GENERAL | |
| campo de control de longitud fija | t| |
| 008 - DATOS DE LONGITUD FIJA--INFORMACIÓN GENERAL | |
| campo de control de longitud fija | 100127q18601869sp |r |||| | spa| |
| 040 ## - FUENTE DE CATALOGACIÓN | |
| Centro catalogador/agencia de origen | SpMaBN |
| Lengua de catalogación | spa |
| Centro/agencia transcriptor | SpMaBN |
| Normas de descripción | rdc |
| 100 0# - ENTRADA PRINCIPAL--NOMBRE DE PERSONA | |
| Nombre de persona | Camprodón, Francisco. |
| 9 (RLIN) | 34301 |
| 245 11 - MENCIÓN DEL TÍTULO | |
| Título | ¡Flor de un día! |
| Resto del título | : drama original en un prólogo y tres actos / |
| Mención de responsabilidad, etc. | por Don Francisco Camprodón. |
| 250 ## - MENCION DE EDICION | |
| Mención de edición | 11ª ed. |
| 260 ## - PUBLICACIÓN, DISTRIBUCIÓN, ETC. | |
| Lugar de publicación, distribución, etc. | Madrid) : |
| Nombre del editor, distribuidor, etc. | [s.n, |
| Fecha de publicación, distribución, etc. | 186?] ( |
| Fabricante | Imp. de José Rodríguez) |
| 300 ## - DESCRIPCIÓN FÍSICA | |
| Extensión | 70 p. ; |
| Dimensiones | 19 cm. |
| 500 ## - NOTA GENERAL | |
| Nota general | En la portada: "Representado por primera vez en el Teatro Español, en febrero de 1851" |
| 500 ## - NOTA GENERAL | |
| Nota general | Ded.: "Al Sr. D. José Safont, como prenda de cariño de su afectísimo sobrino, S. Camprodón" |
| 852 ## - LOCALIZACIÓN | |
| Ubicación | ES-MaACL |
| Número de control de estantería | F-8622(11) |
| Nota libre | .- Enc. pasta española |
| condición física | .- Falto de la cub. original |
| Nota libre | Enc. en un vol. facticio formando parte de la col. facticia "Teatro español moderno", vol. 77 |
| Estatus retirado | Estado de pérdida | Estado de daño | No para préstamo | Colección | Biblioteca de origen | Biblioteca actual | Ubicación en estantería | Fecha de adquisición | Fuente de adquisición | Total de préstamos | Signatura topográfica completa | Código de barras | Visto por última vez | Precio de reemplazo | Tipo de ítem Koha |
|---|---|---|---|---|---|---|---|---|---|---|---|---|---|---|---|
| Libros del s. XIX | Biblioteca del Ateneo de Madrid | Biblioteca del Ateneo de Madrid | Sala Pecera Planta 2 | 27/01/2010 | F-8622(11) | 1182491 | 23/02/2023 | 23/02/2023 | Libro impreso antiguo |
